Central Library OPAC University of Rajshahi

হেমিংওয়ের গল্প / (Record no. 41096)

MARC details
000 -LEADER
fixed length control field 00948nam a2200241 a 4500
001 - CONTROL NUMBER
control field 41096
003 - CONTROL NUMBER IDENTIFIER
rucl marc code BD-RjUL
005 - DATE AND TIME OF LATEST TRANSACTION
control field 20211209053329.0
008 - FIXED-LENGTH DATA ELEMENTS--GENERAL INFORMATION
fixed length control field 160515s2004 bg ||||| |||| 00| j ben d
020 ## - INTERNATIONAL STANDARD BOOK NUMBER
International Standard Book Number 9840744351
Terms of availability : Tk. 90.00
035 ## - SYSTEM CONTROL NUMBER
System control number (BD-RjUL) 41212
040 ## - CATALOGING SOURCE
Original cataloging agency BD-RjUL
Language of cataloging ben
Transcribing agency BD-RjUL
041 ## - LANGUAGE CODE
Language code of text/sound track or separate title ben
082 ## - DEWEY DECIMAL CLASSIFICATION NUMBER
Edition number 23
Classification number 813.52
Author mark and year HEH 2004
100 ## - MAIN ENTRY--PERSONAL NAME
Personal name হেমিংওয়ে, আর্নেস্ট
9 (RLIN) 126425
245 10 - TITLE STATEMENT
Title হেমিংওয়ের গল্প /
Statement of responsibility, etc. আর্নেস্ট হেমিংওয়ে ; কাওসার হুসাইন অনুবাদক
260 ## - PUBLICATION, DISTRIBUTION, ETC. (IMPRINT)
Place of publication, distribution, etc. ঢাকা :
Name of publisher, distributor, etc. বাংলা একাডেমী,
Date of publication, distribution, etc. ২০০৪
300 ## - PHYSICAL DESCRIPTION
Pagination ১০৯ পৃ. ;
Size ২১ সেমি.
650 ## - SUBJECT ADDED ENTRY--TOPICAL TERM
Topical term or geographic name as entry element বাংলা গল্প
9 (RLIN) 120183
Topical term or geographic name as entry element Bengali Fiction
9 (RLIN) 126426
700 ## - ADDED ENTRY--PERSONAL NAME
Personal name হুসাইন, কাওসার অনুবাদক
942 ## - ADDED ENTRY ELEMENTS (KOHA)
Source of classification or shelving scheme Dewey Decimal Classification
Koha item type Books
Holdings
Lost status Source of classification or shelving scheme Damaged status Not for loan Collection code Permanent Location Current Location Shelving location Date acquired Source of acquisition Cost, normal purchase price Total Checkouts Full call number Date last seen Date checked out Copy number Koha item type
  Dewey Decimal Classification     Fiction Central Library, University of Rajshahi Central Library, University of Rajshahi   09/06/2011 Bangla Academy, Dhaka 90.00 1 B 813.52 HEH 2004 31/03/2017 27/03/2017 C-2 Books
  Dewey Decimal Classification   Not For Loan Fiction Central Library, University of Rajshahi Central Library, University of Rajshahi Reading Room 09/06/2011 Bangla Academy, Dhaka. 90.00   B 813.52 HEH 2004 31/01/2017   C-1 Books